00689nam a2200241 a 4500001001300000003000900013005001700022008004100039020001000080082001600090100002600106245002800132260004700160300000900207500003500216505001000251650002300261650001600284902000800300942000700308952011700315999001500432nice12345678IN_TiNIC20260116012256.0050524s1987 newa grp 000 0 eng  ac10000a297.8bTAH2 aTaha, Mahmud Muhammad aSecond Message of Islam aNew YorkbSyracuse University Press c1987 a176p aincludes index and biblioraphy2 aIndex aIslam-20th Century aIslam-Sudan bSRS cBK 001040708StackRoom-aHMIbHMId2007-06-27g100.00l0o297.8 TAH2p014172r2007-06-27v100.00w2005-05-24yBK c6350d6350